Monitoring daňovej správy Francúzska poznatky zo zahraničia
Jeden z najlepšie fungujúcich daňových systémov v rámci členských krajín Európskej únie sa nachádza vo Francúzsku. Kariérny model a motivácia pracovníka daňovej správy. Tzv. radary na meranie kvality. Trend daňových služieb. Podpora justície. Prirodzená ziskovosť firmy - základné kontrolné východisk...
Salvato in:
| Autore principale: | |
|---|---|
| Natura: | Capitolo di libro |
| Lingua: | slovacco |
| Soggetti: | |
| Tags: |
Nessun Tag, puoi essere il primo ad aggiungerne!!
|
MARC
| LEADER | 00000naa$a2200000$$$4500 | ||
|---|---|---|---|
| 001 | 0003915 | ||
| 005 | 20220729103848.0 | ||
| 041 | 0 | |a slo | |
| 044 | |a SK | ||
| 245 | 1 | 0 | |a Monitoring daňovej správy Francúzska |b poznatky zo zahraničia |c aut. Emil Burák |
| 520 | |a Jeden z najlepšie fungujúcich daňových systémov v rámci členských krajín Európskej únie sa nachádza vo Francúzsku. Kariérny model a motivácia pracovníka daňovej správy. Tzv. radary na meranie kvality. Trend daňových služieb. Podpora justície. Prirodzená ziskovosť firmy - základné kontrolné východisko. Osobitný útvar na kontrolu VIP (very important person) klientely. Právo na konfiškáciu. | ||
| 610 | 2 | 0 | |a systémy daňové |
| 610 | 2 | 0 | |a Francúzsko |
| 610 | 2 | 0 | |a správa daňová |
| 100 | 1 | |a Burák, Emil | |